000 00714cam a22002413a 4500
001 22379
003 PGUSA
005 20140828083457.0
008 070823s2007||||xxu|||||s|||||000 | eng d
040 _aPGUSA
_beng
042 _adc
050 4 _aND
245 1 0 _aMasters of Water-Colour Painting
_h[electronic resource]
260 _bProject Gutenberg,
_c2007
506 _aPublic domain in the USA.
516 _aElectronic text
653 _aWatercolor painting, British
700 1 _aCundall, H. M.
_q(Herbert Minton),
_d1848-1940
700 1 _aHolme, C. Geoffrey
_q(Charles Geoffrey),
_d1887-1954
830 0 _aProject Gutenberg
_v22379
856 4 0 _uhttp://www.gutenberg.org/ebooks/22379
942 _cEB
999 _c251634
_d251634